02486 a2200193 45000010006000000050017000060080041000230030015000640400040000790800044001192450045001630200018002082640056002263000031002825051832003131000030021457000022021758560095021971547020260407155450.0260407a1986 arg spa dAR-UNSa-BCEJYS aAR-UNSa-BCEJYSbspacAR-UNSa-BCEJYS a347.41xObligaciones en general (civil)10aCompendio de derecho de las obligaciones a950-536-020-7 1aLa Plata :bLEP (Librería Editora Platense)c1986 a2 v. (812, 990 p.)c23 cm. aVol. I: 1. Nociones generales - 2. Elementos de las obligaciones - 3. Efectos de las obligaciones - 4. Efectos de las obligaciones (conclusión). La indemnización del daño - 5. Derechos del acredor sobre el patrimonio del deudor - 6. Inejecución inimputable - 7. Clasificación - 8. Obligaciones de prestación determinada - 9. Obligaciones en cuanto a la naturaleza del objeto (continuación) - 10. Obligaciones de sujeto múltiple o plurarl. Obligaciones divisibles e indivisibles - 11. Obligaciones de sujeto múltiple o plural (continuación). Obligaciones simplemente mancomunadas y solidarias - 12. Obligaciones modales - 13. Obligaciones modales (conclusión). Obligaciones prinicipales y accesorias -- Vol. II: 14. Transmisión de las obligaciones - 15. Trasmisión de las obligaciones (conclusión) - 16. Reconocimiento de las obligaciones - 17. Medio de extinción de las obligaciones. Generalidades - 18. Pago - 19. Pago por consignación - 20. Novación - 21. Dación en pago - 22. Compensación - 23. Transaccion - 24. Confusión - 25. Renuncia y remisión de deuda - 26. Imposibilidad de pago - 27. Prescripción extintiva - 28. Extinción global de las obligaciones - 29. Fuentes de las obligaciones - 30. Actos ílicitos y responsabilidad civil - 31. Deslinde de los campos de la responsabilidad contractual y delictual - 32. Elementos de la responsabilidad civil extracontractual: El daño - 33. Elementos de la responsabilidad civil extracontractual: La infracción de un deber jurídico - 34. Elementos de la responsabilidad civil extracontractual: Relación de causalidad e imputabilidad - 35. Responsabilidad por el hecho de otro - 36. Responsabilidad por el hecho de las cosas - 37. Ejercicio de la acción indemnizatoria - 38. Relaciones entre la acción civil y la penal1 aTrigo Represas, Félix A1 aCazeaux, Pedro N.41uhttps://biblioeco.unsa.edu.ar/pmb/images/libros/L119068.jpgyImagen de portadaqimage/jpeg